000 00748nam a22002177a 4500
999 _c13774
_d13774
003 AR-CdUCM
008 190416b ||||| |||| 00| 0 spa d
040 _aMUNICIPALIDAD PROVINCIAL DEL CUSCO
_cBIBLIOTECA MUNICIPAL DEL CUSCO
041 _heng
082 _a657.4 /
_bSI57
100 _aSinger, Francisco C.
_932323
245 _aContabilidad Industrial /
260 _aBuenos Aires :
_bHispano Americana S. A. ;
_c1944.
300 _a287páginas ;
_c17cm
440 _aManuales H.A.S.A.
_932324
505 _aContenido: Principios -- Control de producción -- Valores de la explotación -- Jornalización -- Organización...
650 _aProducción
_91785
650 _aVentas
_932325
942 _2ddc
_cLIBROS
945 _anom
_d2019-04-16